| 000 | 00486nam a2200169Ia 4500 | ||
|---|---|---|---|
| 999 |
_c3282 _d3282 |
||
| 020 | _a81-7708-030-X | ||
| 082 | _a330.954 MAT-; | ||
| 100 | _aMathur, Vibha | ||
| 245 | 0 | _aIndian economy and the WTO : new challenges and strategies | |
| 260 |
_aNew Delhi _bNew Century Publications _c2002 |
||
| 300 | _ax, 325p. | ||
| 504 | _aIncludes bibliography and index | ||
| 650 | _aWorld Trade Organization | ||
| 650 | _aIndia - Economic conditions | ||
| 650 | _aIndia - Commerce | ||
| 942 | _cBK | ||